Movies Quiz

Random Movies or Actor Quiz

Actors in Stephen Soderbergh Films Quiz Stats

Quiz not verified by Sporcle

Challenge
Share
Tweet
Embed
Score 0/23 Timer 05:00
0 Plays Today
Number of movies Actor % Correct
6George Clooney
99%
7Matt Damon
97.1%
3Catherine Zeta-Jones
94.7%
4Brad Pitt
93.3%
4Julia Roberts
93.3%
5Don Cheadle
89.5%
3Casey Affleck
83.8%
4Elliot Gould
81.9%
3Bernie Mac
79%
3Andy Garcia
74.3%
3Channing Tatum
73.7%
3Michael Douglas
73.7%
Number of movies Actor % Correct
3Scott Caan
70.5%
3Benecio Del Toro
55.2%
3Carl Reiner
55.2%
3Albert Finney
30.5%
3Shaobo Qin
27.6%
3Luis Guzman
22.9%
5Eddie Jemison
21%
3Topher Grace
17.1%
3Viola Davis
14.3%
3Spalding Gray
5.7%
3Jeroen Krabbe
3.8%

You're not logged in!

Compare scores with friends on all Sporcle quizzes.
Sign Up with Email
OR
Log In

You Might Also Like...

Show Comments

Extras

Top Quizzes Today


Score Distribution

Your Account Isn't Verified!

In order to create a playlist on Sporcle, you need to verify the email address you used during registration. Go to your Sporcle Settings to finish the process.